Lauréats du Ballon d’or - Mort Subite - Statistiques

Statistiques générales
  • Ce quiz a été pris 6 113 fois
    858 depuis la dernière actualisation
  • Le résultat moyen est 13 sur 34
Answers on the Grid
Answers color-coded by a green-red scale on the quiz's grid according to % correct below.
Rodri
Lionel Messi
Karim Benzema
Luka Modrić
Cristiano Ronaldo
Fabio Cannavaro
Ronaldinho
Andrij Ševčenko
Pavel Nedvěd
Ronaldo
Michael Owen
Luís Figo
Rivaldo
Zinédine Zidane
Matthias Sammer
George Weah
Hristo Stoičkov
Roberto Baggio
Marco van Basten
Jean-Pierre Papin
Lothar Matthäus
Ruud Gullit
Johan Cruyff
Michel Platini
Paolo Rossi
Karl-Heinz Rummenigge
Franz Beckenbauer
Gerd Müller
Ousmane Dembélé
George Best
Bobby Charlton
Eusébio
Lev Yashin
Alfredo Di Stéfano
Jude Bellingham
Vinícius Júnior
Erling Haaland
Kylian Mbappé
Kevin De Bruyne
Robert Lewandowski
Virgil van Dijk
Antoine Griezmann
Neymar
Manuel Neuer
Franck Ribéry
Andrés Iniesta
Xavi
Fernando Torres
Thierry Henry
Gianluigi Buffon
Frank Lampard
Steven Gerrard
Deco
Paolo Maldini
Oliver Kahn
Raúl
David Beckham
Davor Šuker
Alan Shearer
Jürgen Klinsmann
Dennis Bergkamp
Éric Cantona
Dejan Savićević
Salvatore Schillaci
Franco Baresi
Frank Rijkaard
Emilio Butragueño
Gary Lineker
Kenny Dalglish
Dino Zoff
Sandro Mazzola
Gigi Riva
Bobby Moore
Jimmy Greaves
Ferenc Puskás
 
Statistiques - réponses
Réponse % Correct
Lionel Messi
56%
Karim Benzema
55%
Zinédine Zidane
55%
Cristiano Ronaldo
54%
Ronaldo
53%
Luka Modrić
52%
Michel Platini
52%
Rodri
52%
Ronaldinho
49%
Johan Cruyff
48%
Ousmane Dembélé
48%
Fabio Cannavaro
46%
George Weah
45%
Marco van Basten
44%
Pavel Nedvěd
42%
Jean-Pierre Papin
41%
Lev Yashin
41%
Luís Figo
41%
Franz Beckenbauer
40%
Michael Owen
37%
Rivaldo
36%
George Best
35%
Eusébio
33%
Gerd Müller
33%
Alfredo Di Stéfano
31%
Roberto Baggio
30%
Ruud Gullit
29%
Andrij Ševčenko
28%
Lothar Matthäus
27%
Matthias Sammer
25%
Bobby Charlton
24%
Hristo Stoičkov
22%
Karl-Heinz Rummenigge
18%
Paolo Rossi
14%
Aucun quiz correspondant
Distribution des résultats
% des personnes avec chaque résultat
Percentile par nombre de réponses
Votre historique - résultats
Vous n’avez pas pris ce quiz depuis la dernière actualisation